000 00594nam a2200241Ia 4500
005 20260320201050.0
008 008 262003s9999 xx 000 0 eng d
037 _aEBOOK
040 _aCRL
040 _beng
040 _cCRL
041 _2eng
041 _aeng
084 _qCRL
100 _aDai
_91127155
245 0 _aIndustrial and Commercial Power System Analysis Fundamentals and Practice
260 _bIEEE
260 _c2025
856 _uhttps://ieeexplore.ieee.org/servlet/opac?bknumber=10833911
942 _cEBOOK
999 _c1718632
_d1718632